000 00609nam a2200241Ia 4500
003 OSt
005 20220924144745.0
006 a|||||r|||| 00| 0
007 ta
008 220923b |||||||| |||| 00| 0 urd d
024 _a320782
037 _cTextual
040 _aARTS
_cARTS
_burd
041 _2urd
_aurd
082 _aQ7:457, 168J6
100 _aAazad Abul Kalam Au.
245 0 _aEiden: eidul fitr, eidul azha
260 _c1956
650 _a ISLAM
_9577
650 _aFESTIVALS
942 _hQ7:457, 168J6
_cTEXL
_2CC
999 _c458195
_d458195